| 000 | 00821nam a2200325Ia 4500 | ||
|---|---|---|---|
| 001 | 40489 | ||
| 005 | 20240114003340.0 | ||
| 007 | ta | ||
| 008 | 071030s2005 g b000 u ben u | ||
| 040 | _aCotton College,Assam | ||
| 041 |
_aben _hBodo |
||
| 082 |
_a891.493 _bGo 69 Ad |
||
| 100 | _aGoswami, Mamoni Raisom . | ||
| 245 | 0 |
_aAdra Lirnai Sanreb / _cMamoni Raisom Goswami. _hTextual Documents |
|
| 246 | _aAdha Lekha Dastabez. | ||
| 250 | _a1st ed. / | ||
| 260 |
_aGuwahati : _bN.L. Publications , _c2005. |
||
| 300 |
_a199p. ; _c22cm. |
||
| 653 | _aBodo Novel | ||
| 653 | _aG-Bodo | ||
| 700 | _aDaimary, Anjali . | ||
| 700 | _a, . | ||
| 942 |
_2ddc _cBK |
||
| 999 |
_c40460 _d40460 |
||